| 000 | 00948cam a2200301 4500 | ||
|---|---|---|---|
| 008 | 090401t1992 xxu||||| |||| 00| 0 eng d | ||
| 020 | _a0117526282 | ||
| 035 | _a(Sirsi) u59467 | ||
| 041 | _aeng | ||
| 050 | _a711.1 | ||
| 110 |
_aUnited Kingdom _bDepartment of the Environment _9982 |
||
| 245 | _aPlanning policy guidance: housing. | ||
| 250 | _a2nd ed. | ||
| 260 |
_aLondon _bHMSO _c1992 |
||
| 300 | _a(14)p. ; 30cm. | ||
| 350 | _a3.45 | ||
| 490 |
_aPPG _v3 |
||
| 520 | _aProvides guidance on a range of issues relating to housing, including development plan policies, new settlements, affordable housing and land availability. Replaces the 1988 version of PPG3. | ||
| 650 | _aDEVELOPMENT PLANS | ||
| 650 | _aHOUSE BUILDING | ||
| 650 | _aHOUSING LAND | ||
| 650 | _aPPG3 | ||
| 650 | _aRURAL AREAS | ||
| 690 | _aPLANNING LAW AND PRACTICE | ||
| 710 |
_aUnited Kingdom _bWelsh Office _91214 |
||
| 942 | _n0 | ||
| 948 | _c04/03/1997 | ||
| 999 |
_c94152 _d94152 |
||